|
|
|
|
| LEADER |
00000nam0a2200000 4500 |
| 001 |
257875 |
| 005 |
20231031220047.0 |
| 020 |
|
|
|a RU
|b 87-77398
|
| 035 |
|
|
|a (RuTPU)RU\TPU\book\280698
|
| 090 |
|
|
|a 257875
|
| 100 |
|
|
|a 20140421d1987 m a0rusy5003 ca
|
| 101 |
0 |
|
|a rus
|
| 102 |
|
|
|a RU
|
| 105 |
|
|
|a a z 001zb
|
| 200 |
1 |
|
|a Генерал армии А. И. Антонов
|f И. И. Гаглов
|
| 205 |
|
|
|a 2-е изд., доп.
|
| 210 |
|
|
|a Москва
|c Воениздат
|d 1987
|
| 215 |
|
|
|a 159,[1] с., [4] л. ил.
|d 17 см
|
| 225 |
1 |
|
|a Советские полководцы и военачальники
|
| 600 |
|
1 |
|a Антонов
|b А. И.
|g Алексей Иннокентьевич
|c генерал армии
|
| 606 |
1 |
|
|a Вооруженные силы
|x СССР
|2 stltpush
|3 (RuTPU)RU\TPU\subj\3695
|
| 610 |
1 |
|
|a итория
|
| 610 |
1 |
|
|a биографии
|
| 610 |
1 |
|
|a персоналии
|
| 610 |
1 |
|
|a полководцы
|
| 610 |
1 |
|
|a военачальники
|
| 610 |
1 |
|
|a Гражданская война 1918-1921
|
| 610 |
1 |
|
|a генералы
|
| 686 |
|
|
|a Ц4,6()2)1Д
|2 rubbk
|
| 700 |
|
1 |
|a Гаглов
|b И. И.
|g Иван Иванович
|
| 801 |
|
0 |
|a RU
|b RuMRKP
|c 19950417
|g psbo
|
| 801 |
|
1 |
|a RU
|b 63413507
|c 20140421
|
| 801 |
|
2 |
|a RU
|b 63413507
|c 20141010
|g RCR
|
| 942 |
|
|
|c BK
|